Normal view
MARC view
Entry Topical Term
001 - CONTROL NUMBER
- control field: 5887
003 - CONTROL NUMBER IDENTIFIER
- control field: ARRUPE
005 - DATE AND TIME OF LATEST TRANSACTION
- control field: 20131218105705.0
008 - FIXED-LENGTH DATA ELEMENTS
- fixed length control field: 131218|| aca||aabn | a|a d
040 ## - CATALOGING SOURCE
- Original cataloging agency: ARRUPE
- Transcribing agency: ARRUPE
150 ## - HEADING--TOPICAL TERM
- Topical term or geographic name as entry element: Zimbabwe - Women - Biography
670 ## - SOURCE DATA FOUND
- Source citation: Work cat.: (ARRUPE): National Federation of Business & Professional Women of Rhodesia 5886, Profiles of Rhodesia's women, 1976